000 02138cam a2200481 i 4500
999 _c4012
_d4012
001 .b30705940
003 OSt
005 20250227161902.0
008 230107r20071994enkab j 001 0 eng
020 _a9780439944007
_q(pbk.)
040 _aUKM
_beng
_cUKM
_dYDXCP
_dAU@
_dOCLCQ
_dOCLCO
_dAUMCS
_dOCLCF
_dOCLCO
_dOCLCQ
_dOCL
_dAUHCL
_dOCLCQ
_dOCLCA
_dUKMGB
_dOCLCO
_dKNV
_dOCLCO
_dRDI
_dKH8
042 _anbic
043 _ae-uk---
_ae------
_aaw-----
_aff-----
050 4 _aDA145
_b.D43 2007
082 0 4 _a937 DEA
_222
100 1 _aDeary, Terry,
_eauthor.
245 1 0 _aRotten Romans /
_cTerry Deary ; illustrated by Martin Brown.
264 1 _aLondon :
_bScholastic,
_c2007.
300 _a141 pages :
_billustrations, map ;
_c20 cm.
336 _atext
_btxt
_2rdacontent.
337 _aunmediated
_bn
_2rdamedia.
338 _avolume
_bnc
_2rdacarrier.
490 1 _aHorrible histories.
500 _aOriginally published: London: Scholastic, 1994.
500 _aIncludes index.
520 _aIt's history with the nasty bits left in! Want to know: What Roman soldiers wore under their kilts? How Ancient Britons got their hair nice and spikey? Why rich Romans needed a vomitorium? Discover all the foul facts about the Rotten Romans - all the gore and more!
648 7 _a55 B.C.-449 A.D
_2fast.
650 0 _aRomans
_zGreat Britain
_vJuvenile literature.
650 6 _aRomains
_zGrande-Bretagne
_vOuvrages pour la jeunesse.
650 7 _aManners and customs.
_2fast
_0(OCoLC)fst01007815.
650 7 _aRomans.
_2fast
_0(OCoLC)fst01100116.
651 0 _aRome
_xHistory
_vJuvenile literature.
651 0 _aRome
_xSocial life and customs
_vJuvenile literature.
651 0 _aGreat Britain
_xHistory
_yRoman period, 55 B.C.-449 A.D.
_vJuvenile literature.
651 6 _aRome
_xHistoire
_vOuvrages pour la jeunesse.
651 7 _aGreat Britain.
_2fast
_0(OCoLC)fst01204623.
651 7 _aRome (Empire)
_2fast
_0(OCoLC)fst01204885.
655 7 _aHistory.
_2fast
_0(OCoLC)fst01411628.
655 7 _aJuvenile works.
_2fast
_0(OCoLC)fst01411637.
700 1 _aBrown, Martin,
_d1959-
_eillustrator.
830 0 _aHorrible histories.
942 _2ddc
_cNFIC